| 000 | 00808cam a22002653a 4500 | ||
|---|---|---|---|
| 001 | 24722 | ||
| 003 | PGUSA | ||
| 005 | 20140828083531.0 | ||
| 008 | 080301s2008||||xxu|||||s|||||000 | eng d | ||
| 040 |
_aPGUSA _beng |
||
| 042 | _adc | ||
| 050 | 4 | _aE456 | |
| 050 | 4 | _aF206 | |
| 245 | 1 | 0 |
_aLetters from Port Royal : _bWritten at the Time of the Civil War (1862-1868) _h[electronic resource] |
| 260 |
_bProject Gutenberg, _c2008 |
||
| 506 | _aPublic domain in the USA. | ||
| 516 | _aElectronic text | ||
| 653 | _aAfrican Americans -- South Carolina | ||
| 653 | _aBeaufort (S.C.) -- History | ||
| 653 | _aSouth Carolina -- History -- Civil War, 1861-1865 | ||
| 700 | 1 | _aPearson, Elizabeth Ware | |
| 830 | 0 |
_aProject Gutenberg _v24722 |
|
| 856 | 4 | 0 | _uhttp://www.gutenberg.org/ebooks/24722 |
| 942 | _cEB | ||
| 999 |
_c253977 _d253977 |
||